Catalog

Record Details

Catalog Search



The starless sea / Erin Morgenstern.

Morgenstern, Erin,(author.).
Hoffman, Dominic,(narrator.). Graham, Dion,(narrator.). ... Read More

Available copies

  • 1 of 1 copy available at LARL/NWRL Consortium.
  • 1 of 1 copy available at Lake Agassiz Regional Library. (Show preferred library)

Current holds

0 current holds with 1 total copy.

Show Only Available Copies
Location Call Number / Copy Notes Barcode Shelving Location Status Due Date
Detroit Lakes Public Library CD TALKING BOOK MOR (Text) 33500013165915 Main Available -

Record details

  • ISBN: 9780735207875
  • ISBN: 0735207879
  • Physical Description: 15 audio discs (18 1/2 hr.) : CD audio, digital ; ... Read More
  • Edition: Unabridged.
  • Publisher: New York, N.Y. : Random House Audio, an imprint of the Penguin Random House Audio Publishing, [2019]

Content descriptions

General Note:
Title from container.
Compact discs.
Participant or Performer Note:
Read by Dominic Hoffman, with Dion Graham, Bahni ... Read More
Summary, etc.:
Discovering a mysterious book of prisoner tales, a ... Read More
Subject: Libraries > Fiction.
Magic > Fiction.
Rare books > Fiction.
Man-woman relationships > Fiction.
FICTION / Fantasy / Romantic.
FICTION / Women.
FICTION / Romance / Fantasy.
FICTION / Fantasy / Historical.
Libraries.
Magic.
Man-woman relationships.
Rare books.
Genre: Audiobooks.
Fantasy fiction.
Fiction.
Romance fiction.
Fantasy fiction.
Love stories.
Audiobooks.
Fantasy fiction.
Romance fiction.
LDR 03412cim a2200841Ii 4500
001335027
003LARL_NWRL_CONSORTIUM
00520191122145609.0
008190725t20192019nyunnnne f n eng d
007sd fsngnnmmned
040 . ‡aTOH ‡beng ‡erda ‡cTOH ‡dOCLCQ ‡dTEF ‡dBLACP ‡dIEP ‡dRECBC ‡dOCLCF ‡dVP@
019 . ‡a1111211163
020 . ‡a9780735207875
020 . ‡a0735207879
0243 . ‡a9780735207875 ‡d55000
02842. ‡aPRHA 5861 ‡bPenguin Random House Audio
035 . ‡a(OCoLC)1111203263 ‡z(OCoLC)1111211163
037 . ‡a60d6ir ‡bBlackstone Publishing
037 . ‡a40d6ir ‡bBlackstone Publishing
043 . ‡an-us-vt
08204. ‡a813/.6 ‡223
1001 . ‡aMorgenstern, Erin, ‡eauthor.
24514. ‡aThe starless sea / ‡cErin Morgenstern.
250 . ‡aUnabridged.
260 . ‡aNew York, N.Y. : ‡bRandom House Audio, an imprint of the Penguin Random House Audio Publishing, ‡c[2019]
264 4. ‡c℗2019
300 . ‡a15 audio discs (18 1/2 hr.) : ‡bCD audio, digital ; ‡c4 3/4 in.
306 . ‡a183000
336 . ‡aspoken word ‡bspw ‡2rdacontent
337 . ‡aaudio ‡bs ‡2rdamedia
338 . ‡aaudio disc ‡bsd ‡2rdacarrier
344 . ‡adigital ‡2rdatr
344 . ‡boptical ‡2rdarm
347 . ‡aaudio file ‡2rdaft
347 . ‡bCD audio
500 . ‡aTitle from container.
5110 . ‡aRead by Dominic Hoffman, with Dion Graham, Bahni Turpin, Fiona Hardingham, Allan Corduner, and Jorjeana Marie.
500 . ‡aCompact discs.
520 . ‡aDiscovering a mysterious book of prisoner tales, a Vermont graduate student recognizes a story from his own life before following clues to a magical underground library that is being targeted for destruction.
650 0. ‡aLibraries ‡vFiction. ‡0(LARL_NWRL_CONSORTIUM)172744
650 0. ‡aMagic ‡vFiction. ‡0(LARL_NWRL_CONSORTIUM)165984
650 0. ‡aRare books ‡vFiction.
650 0. ‡aMan-woman relationships ‡vFiction. ‡0(LARL_NWRL_CONSORTIUM)165985
650 7. ‡aFICTION / Fantasy / Romantic. ‡2bisacsh
650 7. ‡aFICTION / Women. ‡2bisacsh
650 7. ‡aFICTION / Romance / Fantasy. ‡2bisacsh
650 7. ‡aFICTION / Fantasy / Historical. ‡2bisacsh
650 7. ‡aLibraries. ‡2fast ‡0(LARL_NWRL_CONSORTIUM)24478
650 7. ‡aMagic. ‡2fast ‡0(LARL_NWRL_CONSORTIUM)176093
650 7. ‡aMan-woman relationships. ‡2fast ‡0(LARL_NWRL_CONSORTIUM)38460
650 7. ‡aRare books. ‡2fast ‡0(LARL_NWRL_CONSORTIUM)29425
655 7. ‡aAudiobooks. ‡2fast ‡0(LARL_NWRL_CONSORTIUM)175801
655 7. ‡aFantasy fiction. ‡2fast
655 7. ‡aFiction. ‡2fast
655 7. ‡aRomance fiction. ‡2fast
655 7. ‡aFantasy fiction. ‡2gsafd
655 7. ‡aLove stories. ‡2gsafd
655 7. ‡aAudiobooks. ‡2lcgft ‡0(LARL_NWRL_CONSORTIUM)175801
655 7. ‡aFantasy fiction. ‡2lcgft
655 7. ‡aRomance fiction. ‡2lcgft
7001 . ‡aHoffman, Dominic, ‡enarrator. ‡0(LARL_NWRL_CONSORTIUM)196198
7001 . ‡aGraham, Dion, ‡enarrator. ‡0(LARL_NWRL_CONSORTIUM)147132
7001 . ‡aTurpin, Bahni, ‡enarrator. ‡0(LARL_NWRL_CONSORTIUM)203026
7001 . ‡aHardingham, Fiona, ‡enarrator.
7001 . ‡aCorduner, Allan, ‡enarrator. ‡0(LARL_NWRL_CONSORTIUM)203262
7001 . ‡aMarie, Jorjeana, ‡enarrator.
8564 . ‡3View cover art ‡uhttp://midwesttapes.com/images/movies/000/000/000/012/298/000000000012298257.jpg
8564 . ‡3recordedbooks.com ‡uhttps://www.recordedbooks.com/title-details/9780735207875
8564 . ‡3RBMedia ‡uhttp://d2cv0ie6dlin9h.cloudfront.net/DD47599/DD47599_image_148x230.jpg
901 . ‡a335027 ‡b ‡c335027 ‡tbiblio

Additional Resources